00594 2200229 4500001002100000005001700021008004100038035002400079082000800103090001500111100001800126245006000144250001000204260003100214300002900245500002700274650001400301850001500315980001300330985000600343999001500349YOGYA-0209000001760020090227022758.0 ind  0010-020900000017600 a627 a627bSub H aSUBARKAH,Iman aHidrologi untuk perencanaan bangunan aircIman Subarkah aCet.1 aBandungbIdea Dharmac1978 avii,209 hlmbilusc21 cm aBibliografi : hlm. 211 aHidrologi aYOPDYOG(B) a13-02-06 a1 aP000013424